000
00220nam a22000857a 4500
008
160715b xxu||||| |||| 00| 0 eng d
100
_9
2884
_a
Singh L
245
_a
Physics-IX
_b
Term-I
260
_a
New Delhi
_b
EPH Publication
_c
2011
999
_c
2456
_d
2456